Fishing with electricity: Its application to biology and management

Uloženo v:
Podrobná bibliografie
Médium: Kniha
Jazyk:Undetermined
Vydáno: Surrey, Eng Fishing News Books 1967
Témata:
Tagy: Přidat tag
Žádné tagy, Buďte první, kdo otaguje tento záznam!
Thư viện lưu trữ: Trung tâm Học liệu Trường Đại học Cần Thơ
LEADER 00520nam a2200181Ia 4500
001 CTU_58233
008 210402s9999 xx 000 0 und d
082 |a 639.2028 
082 |b F532 
245 0 |a Fishing with electricity: Its application to biology and management 
245 0 |c Edited by R. Vibert 
260 |a Surrey, Eng 
260 |b Fishing News Books 
260 |c 1967 
650 |a fisheries 
650 |x equipment and supplies 
904 |i Minh 
980 |a Trung tâm Học liệu Trường Đại học Cần Thơ